00661nam a22001697a 450000500170000001000150001702000310003203500140006303700130007708200140009024501240010426000440022827000770027230000890034970000220043870000310046020210331155134.0 aENG-129361 a978-93-5388-380-5c1195.00 aEN-112893 bDBAD/PUB a322.10954 aNation, Nationalism and the Public Sphere: Religious Politics in India/cEdited by Avishek Ray and Ishita Banerjee-Dube aNew DelhibSage Publication Indiac2020 aB1/1-1 Mohan Cooperative Industrial Area Mathura RoadbNew Delhie110044 avi+265p.c22cm(hbk)bIncluding illustrations, bibliographical references and index. aRay, Avishek, Ed. aBanerjee-Dube, Ishita, Ed.